000 03426nam a22004937a 4500
005 20090120111014.0
008 090120t xxu||||| |||| 00| 0 eng d
010 _aB-344252-262
020 _a0439560403
_c110.00
035 _aB-344252-262
035 _aB-357788
037 _bTarun Books
040 _aDPL
_bEnglish
082 _aS
100 _aAbbott, Tony
245 _aIn the ice caves of Krog /
_cby Tony Abbott ; illustrated by Gil Adams
260 _aNew York
_bScholastic
_c2008 (repr.)
270 _a557 Broadway
_bNew York
_eNY 10012
300 _a114p.
_bill. ;
_c20cm. (pbk)
440 _aLittle apple
490 _aThe secrets of Droon ; 20
650 _aDroon (Imaginary place)
_vJuvenile fiction.
650 _aMagic
_vJuvenile fiction.
650 _aFantasy.
655 _aFantasy fiction
_vJuvenile fiction.
700 _aAdams, Gil
830 _aAbbott, Tony.
_tSecrets of Droon ;
_v#20.
942 _2ddc
_cCH
_hS
_mABB
999 _c21588
_d21588